Statistics for History #1

Click here to take the quiz!

General Stats

  • This quiz has been taken 35 times
  • The average score is 11 of 15

Answer Stats

HintAnswer% Correct
Leader of Nazi GermanyAdolf Hitler
97%
West Bank and GazaPalestine
94%
Most famous painting by Leonardo da VinciMona Lisa
91%
Russia was part of this former countrySoviet Union
91%
This woman discovered radium and poloniumMarie Curie
88%
A disaster that occurred in this city in Ukraine, Soviet UnionChernobyl
85%
Empire comprised of Tenochtitlan, Tetzcoco, and TlacopanAztec Empire
82%
An Incan site in PeruMachu Picchu
79%
This person discovered JupiterGalileo Galilei
76%
This person discovered penicillinAlexander Fleming
67%
Ancient Greek city-state also known as LacedaemonSparta
67%
The name means Our Lady of ParisNotre-Dame de Paris
48%
The last dynasty of ChinaQing Dynasty
48%
An event of severe dust storms that occurred mainly in OklahomaDust Bowl
36%
Most isolated tribe are situated on this islandNorth Sentinel Island
21%

Score Distribution

Percentile by Number Answered

Percent of People with Each Score

Your Score History

You have not taken this quiz